000 00357nam a2200169Ia 4500
100 _aRajnikant
650 _aSolid state
942 _cBK
366 _f25
654 _astate physics
245 _aApplied solid state physics
260 _bWiley India
_c2011
082 _a530.41
_bRAJ
300 _a520
546 _aENGLISH
_cComputers
999 _c34681
_d34681